Score 0/8 Timer 03:00
0 Plays Today
Members % Correct
Fat Albert
96.9%
Mushmouth
80%
Dumb Donald
75.4%
Rudy
72.3%
Bill
68.7%
Weird Harold
64.1%
Russell
61.5%
Bucky
53.8%

You're not logged in!

Compare scores with friends on all Sporcle quizzes.
OR
Log In

Sporcle TV

Today on Sporcle TV


Watch our educational content, quiz creation guides, and fun videos on Sporcle TV.

Show Comments

Extras

Top Quizzes Today


Score Distribution

Paid Content

Your Account Isn't Verified!

In order to create a playlist on Sporcle, you need to verify the email address you used during registration. Go to your Sporcle Settings to finish the process.

Report this User

Report this user for behavior that violates our Community Guidelines.

Details: